00577nam a22001697a 450000500170000001000150001702000260003203500140005803700130007208200120008510000240009724500930012126000500021427000940026430000260035850000230038420180417122634.0 aENG-122641 c995.00a9789352800384 aEN-106173 bDBAD/PUB a302.231 aCheney-Lippold,John aWe are data :cby John Cheney-LippoldbAlgorithms and the making of our digital selves / c2018aNew DelhibSage Publications India Ltd. aB1/1-1 Mohan Cooperative Industrial Area,Mathura Road,bNew Delhie110044mwww.sagepub.in c22cm(Hb)a315P.bill. aIt includes index